000 00483nam a22001937a 4500
003 MPLRDC
005 20220104123450.0
008 210129b ||||| |||| 00| 0 eng d
020 _a957-8805-00-4
082 _a411.3 CDSL
100 _a川岛四郎
245 _a现代人的创意营养学
_c那达译
250 _a初版
260 _a
_b生活医学书房
_c1993
300 _b
490 _a新健康手册. 1
650 _a营养与食品
942 _cBK
_o411.3 CDSL
999 _c11641
_d11631